000
00257nam a2200109 a 4500
005
20201002040647.0
008
140220s1992 000 spa d
020
_a
8447801179
245
0
_a
Jack y el diablo.
260
_a
Barcelona,
_c
1992.
999
_c
42619
_d
42619
040
_a
DO-SdBNP